000 00294nam a22001337a 4500
008 170302b xxu||||| |||| 00| 0 eng d
020 _a9781416035442
041 _aeng
080 _a616.073
100 _a6
101 _aSHM
245 _aRADIOLOLOGIC CLINICS
_cBANCROFT.L.W
942 _2udc
_cBK
999 _c6568
_d6568